00595 2200217 4500001002100000005001500021035002000036007000300056008004100059020001800100082000800118084001400126100002200140245007400162250001100236260003700247300003200284504002500316600001600341990002000357INLIS00000000000403220190822090308 a0010-0819000175ta190822 g 0 ind  a979-450-517-X a306 a306 RAN s0 aRANJABAR, Jacobus1 aSistem Sosial Budaya Indonesia :bSuatu pengantar /cJacobus Ranjabar aCet. 1 aBOGOR :bGhalia Indonesia,c2006 axi, 252 hlm ;c15,5 x 23 cm aBIBLIOGRAFI: hlm 247 4aILMU SOSIAL a6262041010521 d